| 000 | 01339nka a2200337 i 4500 | ||
|---|---|---|---|
| 001 | 102981 | ||
| 003 | ES-MaACL | ||
| 005 | 20250823044007.0 | ||
| 007 | t| | ||
| 008 | 051222q1860 sp f | |r||1c|spa d | ||
| 100 | 1 |
_aRoselló y Prados, José María, _d1835-1872 _eetr _999702 |
|
| 245 | 1 | 0 |
_aVandick _h[Material gráfico] / _cVandick pinx ; Roselló sculp. |
| 246 | 1 | _aRetrato de Antoon van Dyck | |
| 260 |
_a[S.l. : _bs.n., _cca. 1860] |
||
| 300 |
_a1 estampa : _bgrabado calcográfico ; _c336 x 240 mm |
||
| 490 | 1 |
_aColección facticia de grabados ; _v30 _9184692 |
|
| 500 | _aInscripción: "Vandick" | ||
| 500 | _aGrabado que representa el autorretrato de Antoon van Dyck | ||
| 530 | _aDisponible en formato digital | ||
| 600 | 1 | 4 |
_aDyck, Antoon van, _d1599-1641 _946405 |
| 655 | 7 |
_aGrabados calcográficos _2tgfbne _9241761 |
|
| 655 | 7 |
_aGrabados _2tgfbne _9226846 |
|
| 655 | 4 |
_aReproducciones de obras de arte _9241931 |
|
| 700 | 1 |
_aDyck, Antoon van, _d1599-1641 _eart _946405 |
|
| 830 | 0 |
_aColección facticia de grabados ; _v30 _9184692 |
|
| 852 | 4 |
_aES-MaACL _cDEPO2 _jGF-2(30) |
|
| 856 | 4 |
_uhttps://ceres.mcu.es/pages/Viewer?accion=4&AMuseo=MBACO&Ninv=CE1700G _yVersión en línea _z(CER.es (Colecciones en Red)) |
|
| 942 |
_2udc _cDIBGRB _n0 |
||
| 999 |
_c102981 _d102981 |
||